[Event "Langenwang op"]
[Site "Langenwang"]
[Date "2014.01.16"]
[Round "7"]
[White "Froehlich, Rainer"]
[Black "Klein, Reinhard"]
[Result "1-0"]
[WhiteElo "2065"]
[BlackElo "1945"]
[PlyCount "65"]
[EventDate "2014.01.10"]
[EventType "swiss"]
[EventRounds "9"]
[EventCountry "GER"]
[SourceTitle "EXT 2015"]
[Source "ChessBase"]
[SourceDate "2014.11.20"]
[SourceVersion "1"]
[SourceVersionDate "2014.11.20"]
[SourceQuality "1"]

1. c4 Nf6 2. Nc3 c5 3. g3 g6 4. Bg2 Bg7 5. e3 0-0 6. d4 d6 7. Nge2 Nc6 8. 0-0 Bf5 9. h3 Na5 10. b3 Rb8 11. Bb2 a6 12. Qd2 b5 13. cxb5 axb5 14. e4 Bd7 15. dxc5 dxc5 16. e5 Ne8 17. Rfd1 Bxh3 18. Qxd8 Rxd8 19. Rxd8 Bxg2 20. Kxg2 Bxe5 21. Nd1 Bc7 22. Rc8 b4 23. Ne3 e6 24. Rc1 Nb7 25. Nc4 Nbd6 26. Nxd6 Bxd6 27. Rd1 Be7 28. Rd7 Nf6 29. Rxf8+ Kxf8 30. Bxf6 Bxf6 31. Rc7 Be7 32. Rc8+ Kg7 33. Nf4 1-0

[Event "Suedschwaben-ch Seniors"]
[Site "Immenstadt"]
[Date "2013.02.15"]
[Round "2.4"]
[White "Lehmann, Joerg"]
[Black "Froehlich, Rainer"]
[Result "1-0"]
[WhiteElo "1633"]
[BlackElo "1884"]
[PlyCount "95"]
[EventDate "2013.02.15"]
[EventType "swiss"]
[EventRounds "6"]
[EventCountry "GER"]
[SourceTitle "EXT 2022"]
[Source "ChessBase"]
[SourceDate "2021.10.06"]
[SourceVersion "1"]
[SourceVersionDate "2021.10.06"]
[SourceQuality "1"]

1. e4 c5 2. Nf3 g6 3. d4 cxd4 4. Nxd4 Bg7 5. Bc4 Nc6 6. Nxc6 bxc6 7. 0-0 d6 8. Bb3 Qc7 9. Nc3 Nf6 10. h3 0-0 11. Be3 Qa5 12. Qd2 Qh5 13. f3 Rd8 14. Qf2 a5 15. Rad1 Bd7 16. a4 Rdb8 17. f4 Bc8 18. Bc4 Ba6 19. Bxa6 Rxa6 20. b3 Rb4 21. Bd4 c5 22. Bxf6 Bxf6 23. e5 dxe5 24. Qxc5 Rb8 25. Rd5 e6 26. Ne4 Bg7 27. Rd7 Qe2 28. Qe7 Qe3+ 29. Kh1 Rf8 30. Ng5 Qe2 31. Rfd1 exf4 32. Nxf7 Qh5 33. Ng5 Bf6 34. Qxh7+ Qxh7 35. Nxh7 Rf7 36. Rxf7 Kxf7 37. Rd7+ Be7 38. Rb7 Rc6 39. c4 Rd6 40. Ng5+ Kf6 41. Ne4+ Kf5 42. Nxd6+ Bxd6 43. Rb5+ Ke4 44. Rxa5 Kd3 45. Rb5 Kc3 46. Kg1 e5 47. Kf1 Be7 48. Ke2 1-0

[Event "Traum Seniors op 12th"]
[Site "Oberstdorf"]
[Date "2005.07.10"]
[Round "3"]
[White "Froehlich, Rainer"]
[Black "Thonig, Manfred"]
[Result "1-0"]
[WhiteElo "1940"]
[BlackElo "1587"]
[PlyCount "77"]
[EventDate "2005.07.08"]
[EventType "swiss"]
[EventRounds "9"]
[EventCountry "GER"]
[SourceTitle "EXT 2007"]
[Source "ChessBase"]
[SourceDate "2006.11.23"]
[SourceVersion "1"]
[SourceVersionDate "2006.11.23"]
[SourceQuality "1"]

1. c4 f5 2. Nf3 Nf6 3. Nc3 e6 4. d4 Bb4 5. Bg5 Bxc3+ 6. bxc3 0-0 7. e3 Qe8 8. Bxf6 Rxf6 9. Be2 Rh6 10. c5 b6 11. cxb6 axb6 12. Qb3 Qe7 13. a4 Bb7 14. a5 Bd5 15. c4 Be4 16. Kd2 Qd6 17. axb6 Rxa1 18. Rxa1 cxb6 19. Qa3 Qxa3 20. Rxa3 d6 21. Ra7 Rf6 22. Ne1 Rf7 23. Ra1 f4 24. exf4 Rxf4 25. Ke3 Rh4 26. g3 Rxh2 27. Kxe4 Rxf2 28. Ke3 Rf8 29. Bg4 Re8 30. Ra8 Kf7 31. Nf3 h6 32. Kd3 g6 33. d5 e5 34. Be6+ Kf6 35. Nd2 Rd8 36. Ne4+ Ke7 37. Ra7+ Nd7 38. Rb7 Ke8 39. Bxd7+ 1-0

[Event "Tiefenbach op"]
[Site "Tiefenbach"]
[Date "2005.01.16"]
[Round "4"]
[White "Reinke, Kurt"]
[Black "Froehlich, Rainer"]
[Result "1-0"]
[WhiteElo "2084"]
[BlackElo "2128"]
[PlyCount "121"]
[EventDate "2005.01.??"]
[EventType "swiss"]
[EventRounds "9"]
[EventCountry "GER"]
[SourceTitle "EXT 2006"]
[Source "ChessBase"]
[SourceDate "2005.11.24"]
[SourceVersion "1"]
[SourceVersionDate "2005.11.24"]
[SourceQuality "1"]

1. d4 Nf6 2. Nf3 g6 3. c4 Bg7 4. Nc3 d6 5. e4 Nbd7 6. Be2 e5 7. d5 0-0 8. Bg5 a6 9. 0-0 h6 10. Bc1 Nh5 11. g3 Ndf6 12. Nh4 Bh3 13. Re1 Qd7 14. Ng2 Rfe8 15. a4 a5 16. Ra3 c6 17. Rb3 Rab8 18. Be3 Ra8 19. Qd2 Kh7 20. Rd1 c5 21. f3 Bxg2 22. Kxg2 Re7 23. Rb5 Qd8 24. Qc2 b6 25. Rb3 Ne8 26. f4 exf4 27. gxf4 f5 28. Bxh5 gxh5 29. e5 dxe5 30. Qxf5+ Kh8 31. Ne4 Nd6 32. Nxd6 Qxd6 33. fxe5 Bxe5 34. Qxh5 Rg8+ 35. Kh1 Rg6 36. Rf1 Reg7 37. Rg1 Rxg1+ 38. Bxg1 Rg5 39. Qe8+ Kh7 40. Qc6 Qf8 41. Qd7+ Rg7 42. Qh3 Qf6 43. Rf3 Qg6 44. Rf1 Qe4+ 45. Qf3 Qxf3+ 46. Rxf3 Bxb2 47. Rb3 Bd4 48. Bxd4 cxd4 49. Rxb6 d3 50. Rb1 Rc7 51. Rd1 Rxc4 52. Rxd3 Rc7 53. Kg2 Kg6 54. Kf3 Kf5 55. d6 Rd7 56. h4 h5 57. Rd5+ Ke6 58. Rxh5 Rf7+ 59. Kg4 Rb7 60. Rh6+ Kf7 61. Rh7+ 1-0

[Event "Alpenpokal op 30th"]
[Site "Tiefenbach"]
[Date "2004.??.??"]
[Round "2"]
[White "Froehlich, Rainer"]
[Black "Aigner, Georg"]
[Result "1-0"]
[WhiteElo "1980"]
[BlackElo "1816"]
[PlyCount "69"]
[EventDate "2004.01.08"]
[EventType "swiss"]
[EventRounds "9"]
[EventCountry "GER"]
[SourceTitle "EXT 2006"]
[Source "ChessBase"]
[SourceDate "2005.11.24"]
[SourceVersion "1"]
[SourceVersionDate "2005.11.24"]
[SourceQuality "1"]

1. c4 e5 2. Nc3 Nf6 3. g3 d5 4. cxd5 Nxd5 5. Bg2 c6 6. Nf3 Nxc3 7. bxc3 Bd6 8. 0-0 Bg4 9. d4 Nd7 10. Rb1 Rb8 11. Qa4 Bf5 12. Ra1 0-0 13. Nh4 Be6 14. e4 Qc7 15. Ba3 Bxa3 16. Qxa3 Nf6 17. Rfe1 Rfd8 18. Nf3 Nd7 19. Rad1 exd4 20. cxd4 Bg4 21. h3 Bxf3 22. Bxf3 Re8 23. Rc1 b6 24. Qc3 c5 25. Bg4 Nf6 26. Bf3 Qd7 27. dxc5 Rbc8 28. c6 Qxh3 29. e5 Ng4 30. Bxg4 Qxg4 31. Red1 Qe6 32. c7 Qxe5 33. Qxe5 Rxe5 34. Rd8+ Rxd8 35. cxd8Q+ 1-0

[Event "Traum op 11th"]
[Site "Oberjoch/Allgaeu"]
[Date "2004.??.??"]
[Round "6"]
[White "Froehlich, Rainer"]
[Black "Aigner, Georg"]
[Result "1-0"]
[WhiteElo "1971"]
[BlackElo "1823"]
[PlyCount "125"]
[EventDate "2004.07.16"]
[EventType "swiss"]
[EventRounds "9"]
[EventCountry "GER"]
[SourceTitle "EXT 2006"]
[Source "ChessBase"]
[SourceDate "2005.11.24"]
[SourceVersion "1"]
[SourceVersionDate "2005.11.24"]
[SourceQuality "1"]

1. c4 e5 2. Nc3 Nf6 3. g3 d5 4. cxd5 Nxd5 5. Bg2 c6 6. Nf3 Bd6 7. 0-0 Nxc3 8. bxc3 Nd7 9. d4 0-0 10. Qb3 h6 11. Ba3 Bxa3 12. Qxa3 Re8 13. e3 Qe7 14. Qb2 e4 15. Nd2 Nf6 16. c4 b6 17. Rfe1 Bf5 18. a4 Rab8 19. Rac1 Qc7 20. Qc2 Re7 21. Rb1 a6 22. Bf1 h5 23. Rb2 h4 24. Reb1 hxg3 25. hxg3 Nd7 26. Bg2 g6 27. c5 b5 28. axb5 axb5 29. d5 cxd5 30. c6 Ne5 31. Rxb5 Rxb5 32. Rxb5 Re8 33. Rxd5 Nf3+ 34. Bxf3 exf3 35. e4 Bg4 36. Qc3 Rb8 37. Nxf3 Bxf3 38. Qxf3 Qxc6 39. Qf4 Rc8 40. Rd1 Qc3 41. Kg2 Qb3 42. Rh1 Qe6 43. Rh6 Rc4 44. Rh4 Kf8 45. Qg5 Kg7 46. Qh6+ Kf6 47. e5+ Kxe5 48. Qe3+ Kd5 49. Qxe6+ fxe6 50. Rh6 Ke5 51. Rxg6 Kf5 52. Rg8 e5 53. Rf8+ Kg4 54. f3+ Kg5 55. Re8 Kf6 56. Kh3 Ra4 57. g4 Ra1 58. Rf8+ Kg6 59. Rf5 Ra3 60. Kg3 Rb3 61. Rf8 Kg7 62. Rf5 Kg6 63. Rxe5 1-0

[Event "Traum op 11th"]
[Site "Oberjoch/Allgaeu"]
[Date "2004.??.??"]
[Round "2"]
[White "Froehlich, Rainer"]
[Black "Dombrowe, Eckehard"]
[Result "1-0"]
[WhiteElo "1971"]
[BlackElo "1586"]
[PlyCount "46"]
[EventDate "2004.07.16"]
[EventType "swiss"]
[EventRounds "9"]
[EventCountry "GER"]
[SourceTitle "EXT 2006"]
[Source "ChessBase"]
[SourceDate "2005.11.24"]
[SourceVersion "1"]
[SourceVersionDate "2005.11.24"]
[SourceQuality "1"]

1. c4 e5 2. Nc3 Nc6 3. g3 b6 4. Bg2 Bb7 5. Nf3 Nd4 6. e3 Nxf3+ 7. Bxf3 Bxf3 8. Qxf3 Nf6 9. 0-0 Be7 10. d4 exd4 11. exd4 0-0 12. Bf4 d6 13. Rfe1 Qd7 14. Re2 Rfe8 15. Rae1 Rac8 16. Qb7 a5 17. Rxe7 Rxe7 18. Rxe7 Qxe7 19. Qxc8+ Ne8 20. Be3 h6 21. Nd5 Qe4 22. f3 Qxf3 23. Qxe8+ Kh7 1-0

[Event "Traum op 11th"]
[Site "Oberjoch/Allgaeu"]
[Date "2004.??.??"]
[Round "4"]
[White "Schuler, Georg"]
[Black "Froehlich, Rainer"]
[Result "1/2-1/2"]
[WhiteElo "1789"]
[BlackElo "1971"]
[PlyCount "94"]
[EventDate "2004.07.16"]
[EventType "swiss"]
[EventRounds "9"]
[EventCountry "GER"]
[SourceTitle "EXT 2006"]
[Source "ChessBase"]
[SourceDate "2005.11.24"]
[SourceVersion "1"]
[SourceVersionDate "2005.11.24"]
[SourceQuality "1"]

1. c4 e5 2. Nc3 Nf6 3. g3 Bb4 4. Bg2 Bxc3 5. bxc3 0-0 6. e3 e4 7. d4 Re8 8. Ne2 Nc6 9. 0-0 d6 10. Ba3 Na5 11. c5 Nc4 12. Qc1 d5 13. Rb1 b6 14. Re1 Bd7 15. Bb2 Qc8 16. Kh1 h6 17. Ng1 Nh7 18. Qc2 Ng5 19. h4 Nh7 20. Bc1 Bg4 21. Rb4 Nf6 22. Kh2 g5 23. hxg5 hxg5 24. f3 exf3 25. Nxf3 Bf5 26. Qd1 Kg7 27. Rxc4 Rh8+ 28. Kg1 dxc4 29. Nxg5 Bg4 30. Bf3 Rh6 31. e4 Bxf3 32. Qxf3 Qg4 33. e5 Qxf3 34. Nxf3 Nd5 35. Bxh6+ Kxh6 36. Kg2 bxc5 37. dxc5 Rb8 38. e6 fxe6 39. Rxe6+ Kg7 40. Re4 Rb5 41. Nd4 Ra5 42. Ne6+ Kf6 43. Nf8 Rxa2+ 44. Kh3 Kf7 45. Nd7 Nxc3 46. Rxc4 Nd5 47. Ne5+ Ke6 1/2-1/2

[Event "Alpenpokal op 30th"]
[Site "Tiefenbach"]
[Date "2004.??.??"]
[Round "3"]
[White "Schulz, Wolfgang"]
[Black "Froehlich, Rainer"]
[Result "1-0"]
[WhiteElo "2111"]
[BlackElo "1980"]
[PlyCount "105"]
[EventDate "2004.01.08"]
[EventType "swiss"]
[EventRounds "9"]
[EventCountry "GER"]
[SourceTitle "EXT 2006"]
[Source "ChessBase"]
[SourceDate "2005.11.24"]
[SourceVersion "1"]
[SourceVersionDate "2005.11.24"]
[SourceQuality "1"]

1. e4 c5 2. Nf3 Nc6 3. d4 cxd4 4. Nxd4 e5 5. Nb5 d6 6. Be3 Be7 7. Nd2 a6 8. Nc3 Be6 9. Bc4 Nf6 10. 0-0 d5 11. exd5 Nxd5 12. Nxd5 Bxd5 13. Qg4 g6 14. Rad1 f5 15. Qe2 b5 16. Bxd5 Qxd5 17. Nb3 Qc4 18. Rfe1 Qxe2 19. Rxe2 a5 20. f3 a4 21. Nc5 a3 22. b3 Kf7 23. Red2 Rhd8 24. Nb7 Rxd2 25. Rxd2 Ke6 26. c3 Rc8 27. Nc5+ Kf7 28. Rd5 b4 29. c4 Rd8 30. Nd3 Ke6 31. Rxd8 Nxd8 32. Kf1 Nc6 33. Ke2 Na5 34. Nc1 Kd7 35. Bb6 Nb7 36. Nd3 Kc6 37. Ba7 Bd6 38. Bf2 e4 39. fxe4 fxe4 40. Ne1 Bc5 41. Nc2 h5 42. Be1 Nd6 43. Nxb4+ Kd7 44. Nc2 Nf5 45. Bf2 Kc6 46. Bxc5 Kxc5 47. Nxa3 Kb4 48. Nb5 h4 49. Nc7 Ka3 50. c5 Kxa2 51. b4 Kb3 52. b5 Kc4 53. b6 1-0

[Event "Regionalliga SW 0102"]
[Site "Bayern"]
[Date "2002.02.24"]
[Round "6.7"]
[White "Froehlich, Rainer"]
[Black "Wiest, Franz"]
[Result "1-0"]
[WhiteElo "1930"]
[BlackElo "1960"]
[PlyCount "55"]
[EventDate "2001.10.07"]
[EventType "team-tourn"]
[EventRounds "9"]
[EventCountry "GER"]
[SourceTitle "EXT 2003"]
[Source "ChessBase"]
[SourceDate "2002.11.25"]
[SourceVersion "1"]
[SourceVersionDate "2002.11.25"]
[SourceQuality "1"]
[WhiteTeam "Sonthofen"]
[BlackTeam "Lauingen"]
[WhiteTeamCountry "GER"]
[BlackTeamCountry "GER"]

1. c4 c5 2. Nc3 Nf6 3. e4 d6 4. g3 g6 5. Bg2 Bg7 6. d3 Nc6 7. Nge2 a6 8. 0-0 Rb8 9. f4 0-0 10. h3 Bd7 11. Be3 b5 12. Qd2 Na5 13. cxb5 axb5 14. Rab1 b4 15. Nd1 Be6 16. b3 Ne8 17. f5 Bd7 18. Bh6 Nc6 19. Bxg7 Kxg7 20. Rf4 Nf6 21. Rh4 Ng8 22. Ne3 Ne5 23. Ng4 Bb5 24. Nf4 Ra8 25. Rf1 Bc6 26. fxg6 hxg6 27. Nxe5 dxe5 28. Nh5+ 1-0

[Event "Alpenpokal op 28th"]
[Site "Oberstdorf"]
[Date "2002.??.??"]
[Round "8"]
[White "Winter, Rudolf"]
[Black "Froehlich, Rainer"]
[Result "0-1"]
[WhiteElo "1640"]
[BlackElo "1933"]
[PlyCount "119"]
[EventDate "2002.01.12"]
[EventType "swiss"]
[EventRounds "9"]
[EventCountry "GER"]
[SourceTitle "EXT 2003"]
[Source "ChessBase"]
[SourceDate "2002.11.25"]
[SourceVersion "1"]
[SourceVersionDate "2002.11.25"]
[SourceQuality "1"]

1. d4 Nf6 2. Nf3 d5 3. e3 Bg4 4. c4 c6 5. cxd5 cxd5 6. Bb5+ Bd7 7. Bd3 Nc6 8. Nc3 e6 9. a3 Rc8 10. 0-0 Bd6 11. e4 dxe4 12. Nxe4 Be7 13. Bf4 0-0 14. Bd6 Nxe4 15. Bxe7 Qxe7 16. Bxe4 Rfd8 17. Rc1 Be8 18. Re1 Qf6 19. Qb3 Nxd4 20. Nxd4 Rxc1 21. Rxc1 Qxd4 22. Bf3 b6 23. Rd1 Qf6 24. Rxd8 Qxd8 25. Qc3 g6 26. h3 f6 27. b4 Bf7 28. a4 e5 29. a5 Qd4 30. Qxd4 exd4 31. Kf1 Bc4+ 32. Ke1 Kf7 33. Kd2 Ke6 34. g3 Ke5 35. Bb7 g5 36. Bg2 h6 37. Bf3 Kd6 38. Be4 bxa5 39. bxa5 Kc5 40. Bb7 a6 41. Be4 Kb4 42. Bd3 Bxd3 43. Kxd3 Kxa5 44. Kxd4 Kb4 45. Ke4 a5 46. Kf5 a4 47. Kxf6 a3 48. f4 gxf4 49. gxf4 a2 50. f5 a1Q+ 51. Kg6 Qa8 52. f6 Qf8 53. h4 Kc5 54. h5 Kd6 55. f7 Ke7 56. Kh7 Qxf7+ 57. Kxh6 Qf6+ 58. Kh7 Kf7 59. h6 Qg6+ 60. Kh8 0-1

[Event "Regionalliga SW 0102"]
[Site "Bayern"]
[Date "2001.11.11"]
[Round "2.7"]
[White "Linde, Wolfgang"]
[Black "Froehlich, Rainer"]
[Result "1/2-1/2"]
[WhiteElo "2040"]
[BlackElo "1930"]
[PlyCount "83"]
[EventDate "2001.10.07"]
[EventType "team-tourn"]
[EventRounds "9"]
[EventCountry "GER"]
[SourceTitle "EXT 2003"]
[Source "ChessBase"]
[SourceDate "2002.11.25"]
[SourceVersion "1"]
[SourceVersionDate "2002.11.25"]
[SourceQuality "1"]
[WhiteTeam "Muenchen Tarrasch"]
[BlackTeam "Sonthofen"]
[WhiteTeamCountry "GER"]
[BlackTeamCountry "GER"]

1. Nf3 Nf6 2. c4 d5 3. cxd5 Nxd5 4. e4 Nb6 5. h3 e6 6. d4 c5 7. Nc3 cxd4 8. Qxd4 Qxd4 9. Nxd4 a6 10. Be2 e5 11. Nf3 f6 12. Be3 N8d7 13. a4 Nc5 14. 0-0 Be6 15. Nd2 Rc8 16. a5 Na8 17. Rfc1 Be7 18. b4 Nd7 19. Nd5 Kf7 20. Nxe7 Kxe7 21. Nc4 Nc7 22. Nb6 Nxb6 23. Bxb6 Na8 24. Bc5+ Kf7 25. b5 axb5 26. Bxb5 Nc7 27. Be2 Na6 28. Be3 Rxc1+ 29. Rxc1 Rc8 30. Rb1 Rc7 31. Rb2 g6 32. g4 g5 33. Kg2 Kg6 34. Rb6 Bc8 35. Bb5 Nc5 36. Be8+ Kg7 37. Kf3 Ne6 38. Rb4 Rc3 39. Kg3 Nf4 40. Bb5 Ra3 41. Ra4 Rb3 42. Bc4 1/2-1/2

[Event "Bahn-chM"]
[Site "Bad Wildungen"]
[Date "2000.09.28"]
[Round "5"]
[White "Schmidt, Theo"]
[Black "Froehlich, Rainer"]
[Result "1/2-1/2"]
[WhiteElo "2044"]
[BlackElo "1928"]
[PlyCount "98"]
[EventDate "2000.09.24"]
[EventType "swiss"]
[EventRounds "7"]
[EventCountry "GER"]
[SourceTitle "EXT 2003"]
[Source "ChessBase"]
[SourceDate "2002.11.25"]
[SourceVersion "1"]
[SourceVersionDate "2002.11.25"]
[SourceQuality "1"]

1. e4 e6 2. d4 d5 3. Nc3 Bb4 4. e5 b6 5. Qg4 Bf8 6. h4 Nc6 7. Bb5 Bb7 8. h5 h6 9. Nge2 Qd7 10. f4 a6 11. Bxc6 Bxc6 12. Be3 Ne7 13. Qf3 0-0-0 14. g4 Kb7 15. Ng3 Nc8 16. f5 Be7 17. f6 gxf6 18. exf6 Bd6 19. 0-0-0 Rdg8 20. Rdg1 Bxg3 21. Rxg3 Nd6 22. Bf4 Nc4 23. b3 Nd6 24. Rhg1 b5 25. Bxd6 Qxd6 26. g5 hxg5 27. Rxg5 Rxg5 28. Rxg5 Qh2 29. Ne2 Qh4 30. Qg4 Qxg4 31. Rxg4 Rxh5 32. Rg7 Be8 33. Rg8 Bc6 34. Rf8 e5 35. Rxf7 Rh2 36. Kd2 b4 37. Ke3 Bb5 38. Ng3 exd4+ 39. Kxd4 Rxc2 40. Nf5 Rd2+ 41. Kc5 Rc2+ 42. Kxb4 Kb6 43. a4 a5+ 44. Ka3 Bd3 45. Ne3 Rf2 46. Nxd5+ Kc5 47. Nc3 c6 48. Rd7 Bg6 49. f7 Rxf7 1/2-1/2

[Event "Regionalliga SW 9900"]
[Site "Bayern"]
[Date "2000.??.??"]
[Round "5.4"]
[White "Froehlich, Rainer"]
[Black "Schuster, Karsten"]
[Result "0-1"]
[WhiteElo "1855"]
[BlackElo "2210"]
[PlyCount "152"]
[EventDate "1999.??.??"]
[EventType "team-tourn"]
[EventRounds "9"]
[EventCountry "GER"]
[SourceTitle "EXT 2020"]
[Source "ChessBase"]
[SourceDate "2019.10.17"]
[SourceVersion "1"]
[SourceVersionDate "2019.10.17"]
[SourceQuality "1"]
[WhiteTeam "Sonthofen"]
[BlackTeam "Tuerkheim"]
[WhiteTeamCountry "GER"]
[BlackTeamCountry "GER"]

1. e4 c6 2. d4 d5 3. e5 Bf5 4. Nf3 e6 5. Bd3 Bxd3 6. Qxd3 Qa5+ 7. Bd2 Qa6 8. Qxa6 Nxa6 9. 0-0 Ne7 10. Nc3 Nf5 11. Ne2 Be7 12. Rac1 Rc8 13. c4 dxc4 14. Rxc4 Nc7 15. b4 Nd5 16. a3 h5 17. Nf4 Nb6 18. Rc2 g5 19. Ne2 Rg8 20. Bc3 Nd5 21. Bd2 Rd8 22. Rd1 Nc7 23. Bc1 Rd7 24. Bb2 Kf8 25. Ng3 Nxg3 26. hxg3 Kg7 27. Kf1 Rgd8 28. Ke2 g4 29. Ne1 Nb5 30. Rc4 a6 31. a4 Nc7 32. Nd3 Nd5 33. Nc5 Nb6 34. Rc2 Bxc5 35. bxc5 Nxa4 36. Ba1 b5 37. cxb6 c5 38. Rc4 Nxb6 39. Rxc5 Rd5 40. Rc6 Rb5 41. d5 Rdxd5 42. Rxd5 Nxd5 43. Rxa6 Ne7 44. Ra4 Nc6 45. f4 Kg6 46. Bc3 Rb3 47. Rc4 Ne7 48. Kf2 Nd5 49. Bd2 Rb2 50. Ke2 Kf5 51. Ke1 Rb3 52. Kf2 Rd3 53. Bc1 Rc3 54. Rxc3 Nxc3 55. Ke3 Ne4 56. Bd2 Nxg3 57. Be1 Ne4 58. g3 Nc5 59. Bb4 Nd7 60. Be7 Nb6 61. Kd4 Nd5 62. Bh4 Nxf4 63. gxf4 Kxf4 64. Kd3 Kf3 65. Kd2 g3 66. Ke1 Kg2 67. Ke2 Kh3 68. Bg5 g2 69. Be3 Kh2 70. Kf3 h4 71. Kg4 h3 72. Bf2 g1Q+ 73. Bxg1+ Kxg1 74. Kxh3 Kf2 75. Kg4 Ke3 76. Kg5 Ke4 0-1

[Event "Regionalliga SW 9900"]
[Site "Bayern"]
[Date "1999.??.??"]
[Round "3.5"]
[White "Buchner, Rudolf"]
[Black "Froehlich, Rainer"]
[Result "1-0"]
[WhiteElo "2090"]
[BlackElo "1855"]
[PlyCount "95"]
[EventDate "1999.??.??"]
[EventType "team-tourn"]
[EventRounds "9"]
[EventCountry "GER"]
[SourceTitle "EXT 2020"]
[Source "ChessBase"]
[SourceDate "2019.10.17"]
[SourceVersion "1"]
[SourceVersionDate "2019.10.17"]
[SourceQuality "1"]
[WhiteTeam "Muenchen Tarrasch"]
[BlackTeam "Sonthofen"]
[WhiteTeamCountry "GER"]
[BlackTeamCountry "GER"]

1. e4 e6 2. d4 d5 3. Nd2 c5 4. exd5 exd5 5. Bb5+ Bd7 6. Qe2+ Qe7 7. Bxd7+ Nxd7 8. dxc5 Nxc5 9. Nb3 Qxe2+ 10. Nxe2 Nf6 11. Be3 Ne6 12. 0-0 Bd6 13. h3 0-0 14. Rad1 Rfd8 15. Rfe1 b6 16. Ned4 Re8 17. Nb5 Bf8 18. N3d4 Rec8 19. Nxe6 fxe6 20. c3 Kf7 21. Bf4 Ne4 22. f3 Nc5 23. Re2 a6 24. Nd4 h6 25. Re3 g5 26. Be5 Nd7 27. f4 Nxe5 28. Rxe5 Bc5 29. fxg5 Bxd4+ 30. Rxd4 hxg5 31. Rxg5 Kf6 32. h4 b5 33. Rf4+ Ke7 34. Kf2 Rc4 35. Rg7+ Kd6 36. Rgf7 Ke5 37. Rxc4 bxc4 38. h5 Rb8 39. h6 Rxb2+ 40. Kf3 d4 41. h7 Rb8 42. cxd4+ Kxd4 43. Rc7 c3 44. g4 Rh8 45. Ke2 Ke5 46. g5 Kf5 47. Rg7 c2 48. Kd2 1-0

[Event "Regionalliga SW 9899"]
[Site "Bayern"]
[Date "1999.??.??"]
[Round "7.5"]
[White "Froehlich, Rainer"]
[Black "Buck, Lars"]
[Result "1/2-1/2"]
[WhiteElo "1855"]
[BlackElo "2080"]
[PlyCount "81"]
[EventDate "1998.??.??"]
[EventType "team-tourn"]
[EventRounds "9"]
[EventCountry "GER"]
[SourceTitle "EXT 2020"]
[Source "ChessBase"]
[SourceDate "2019.10.17"]
[SourceVersion "1"]
[SourceVersionDate "2019.10.17"]
[SourceQuality "1"]
[WhiteTeam "Sonthofen"]
[BlackTeam "Pasing II"]
[WhiteTeamCountry "GER"]
[BlackTeamCountry "GER"]

1. c4 g6 2. Nc3 Bg7 3. g3 d6 4. Bg2 e5 5. Nf3 Nc6 6. d3 f5 7. Rb1 Nge7 8. 0-0 0-0 9. Bd2 a5 10. a3 f4 11. Qc1 fxg3 12. hxg3 Nf5 13. Ng5 Nce7 14. b4 axb4 15. axb4 h6 16. Nf3 Kh7 17. b5 Be6 18. Ne4 Nd4 19. Nxd4 exd4 20. Bb4 Ra2 21. Rb2 Rxb2 22. Qxb2 b6 23. Nd2 Nf5 24. Nf3 g5 25. Ne1 Be5 26. Be4 Kg7 27. Nf3 Qf6 28. Nxe5 Qxe5 29. Kg2 Qf6 30. Bxf5 Bxf5 31. e4 Bg4 32. f4 h5 33. Qf2 h4 34. Bd2 gxf4 35. Bxf4 Kg6 36. gxh4 Kh5 37. Bg3 Bh3+ 38. Kxh3 Qe6+ 39. Qf5+ Rxf5 40. Rxf5+ Kg6 41. Bf2 1/2-1/2

[Event "Regionalliga SW 9900"]
[Site "Bayern"]
[Date "1999.??.??"]
[Round "1.5"]
[White "Froehlich, Rainer"]
[Black "Schweiger, Christoph"]
[Result "0-1"]
[WhiteElo "1855"]
[BlackElo "1935"]
[PlyCount "86"]
[EventDate "1999.??.??"]
[EventType "team-tourn"]
[EventRounds "9"]
[EventCountry "GER"]
[SourceTitle "EXT 2020"]
[Source "ChessBase"]
[SourceDate "2019.10.17"]
[SourceVersion "1"]
[SourceVersionDate "2019.10.17"]
[SourceQuality "1"]
[WhiteTeam "Sonthofen"]
[BlackTeam "Klosterlechfeld"]
[WhiteTeamCountry "GER"]
[BlackTeamCountry "GER"]

1. c4 Nf6 2. Nc3 e6 3. g3 d5 4. cxd5 exd5 5. d4 c6 6. Bg2 Bd6 7. Nf3 0-0 8. 0-0 Re8 9. Qc2 Nbd7 10. Nd2 Qb6 11. e3 Nf8 12. a3 a5 13. b3 h5 14. Bb2 h4 15. e4 hxg3 16. hxg3 dxe4 17. Ndxe4 Nxe4 18. Nxe4 Be7 19. Nc5 Be6 20. Nxe6 Nxe6 21. d5 cxd5 22. Bxd5 Ng5 23. Rad1 Bf6 24. Bxf6 gxf6 25. Qg6+ Kf8 26. Qh6+ Kg8 27. Qg6+ Kf8 28. Qh6+ Kg8 29. Qh5 Kg7 30. Qg4 Rad8 31. Kg2 Qb5 32. Qc4 Qxc4 33. bxc4 Ne4 34. Rfe1 Nc3 35. Rxe8 Rxe8 36. Rd3 Na4 37. Bxb7 Nc5 38. Bc6 Re6 39. Bd5 Nxd3 40. Bxe6 fxe6 41. Kf1 Kf7 42. Ke2 Nb2 43. c5 Ke7 0-1

[Event "Regionalliga SW 9899"]
[Site "Bayern"]
[Date "1999.??.??"]
[Round "6.5"]
[White "Wittke, Volker"]
[Black "Froehlich, Rainer"]
[Result "0-1"]
[WhiteElo "2050"]
[BlackElo "1855"]
[PlyCount "98"]
[EventDate "1998.??.??"]
[EventType "team-tourn"]
[EventRounds "9"]
[EventCountry "GER"]
[SourceTitle "EXT 2020"]
[Source "ChessBase"]
[SourceDate "2019.10.17"]
[SourceVersion "1"]
[SourceVersionDate "2019.10.17"]
[SourceQuality "1"]
[WhiteTeam "Garching"]
[BlackTeam "Sonthofen"]
[WhiteTeamCountry "GER"]
[BlackTeamCountry "GER"]

1. e4 c5 2. Nf3 g6 3. c4 Bg7 4. d4 Nc6 5. dxc5 Qa5+ 6. Bd2 Qxc5 7. Nc3 Qb6 8. Nd5 Qd8 9. Bc3 Bxc3+ 10. Nxc3 Nf6 11. Bd3 d6 12. 0-0 Bg4 13. h3 Bxf3 14. Qxf3 Rc8 15. Rac1 0-0 16. Qe3 Ne5 17. b3 Nxd3 18. Qxd3 Qa5 19. f4 a6 20. Rfe1 Qc5+ 21. Kh1 Nh5 22. Nd5 Rce8 23. g4 Nf6 24. Nxf6+ exf6 25. Rcd1 Qf2 26. Rf1 Qxa2 27. Ra1 Qb2 28. Kg1 f5 29. gxf5 gxf5 30. Rab1 fxe4 31. Qg3+ Qg7 32. Qxg7+ Kxg7 33. Rbd1 Re6 34. f5 Rf6 35. Rf4 Re8 36. Kf2 e3+ 37. Ke2 Re5 38. Rd5 Rh6 39. h4 Kf8 40. Rxe5 dxe5 41. Rg4 Rb6 42. Kxe3 Rxb3+ 43. Ke4 f6 44. Kd5 Kf7 45. Kd6 Rd3+ 46. Kc5 Rf3 47. h5 Rxf5 48. h6 Rg5 49. Rh4 b5 0-1